Código de comercio: aprobada por decreto N§ 741, de 29 de enero de 2010, del Ministerio de Justicia
I tiakina i:
| Hōputu: | Pukapuka |
|---|---|
| Reo: | Pāniora |
| I whakaputaina: |
Santiago
Juridica de Chile
2010
|
| Putanga: | 18a. ed |
| Rangatū: | Bicentenario Chile-2010 Codigos Oficiales
|
| Ngā marau: | |
| Ngā Tūtohu: |
Tāpirihia he Tūtohu
Kāore He Tūtohu, Me noho koe te mea tuatahi ki te tūtohu i tēnei pūkete!
|
MARC
| LEADER | 00000nam a2200000 a 4500 | ||
|---|---|---|---|
| 001 | UCG1658 | ||
| 003 | CL-VaPUC | ||
| 008 | 100513e20100000CL |||||||||||||||||spa|d | ||
| 020 | |a 9789561019966 | ||
| 082 | 0 | 4 | |a 346.8307 |b COD |2 21 |
| 245 | 1 | 0 | |a Código de comercio: aprobada por decreto N§ 741, de 29 de enero de 2010, del Ministerio de Justicia |
| 250 | |a 18a. ed | ||
| 300 | |a 972 p | ||
| 942 | |c BK | ||
| 945 | |d 20100513 00:00:00 |a rbrito | ||
| 260 | |a Santiago |b Juridica de Chile |c 2010 | ||
| 650 | 0 | |a Derecho comercial |9 256340 | |
| 650 | 0 | |a Código de comercio |9 329302 | |
| 650 | 0 | |a Contratos |9 255153 | |
| 650 | 0 | |a Responsabilidad contractual |9 256720 | |
| 650 | 0 | |a Ordenamiento jurídico |9 355371 | |
| 583 | |a last modification |c 20100513 00:00:00 |k Rodrigo Vera | ||
| 490 | 0 | |a Bicentenario Chile-2010 Codigos Oficiales | |
| 999 | |c 340960 |d 340958 | ||
| 952 | |0 0 |1 0 |2 ddc |4 0 |6 346_830700000000000_COD_2010 |7 0 |8 FOND_LRYV |9 436134 |a BIBDER |b BIBDER |d 2019-11-22 |i 467488K |o 346.8307 COD 2010 |p 467488K |r 2023-01-25 |w 2019-11-22 |y BK_X |k DER | ||
| 952 | |0 0 |1 0 |2 ddc |4 0 |6 346_830700000000000_COD_2010 |7 0 |8 FOND_LRYV |9 436135 |a BIBDER |b BIBDER |d 2019-11-22 |i 4674898 |o 346.8307 COD 2010 |p 4674898 |r 2023-01-25 |w 2019-11-22 |y BK_X |k DER | ||